| 000 | 00463nam a22001337a 4500 | ||
|---|---|---|---|
| 082 |
_a678.074 _bRUB |
||
| 100 | _aLIPPINCOTT (Chip) etal. | ||
| 245 | _aThermoplastic elastomers (TPE): Compendium of thermoplastic elastomers-articles from 2009-2017 published in Rubber World magazine | ||
| 246 | _aRubber industry books box | ||
| 260 |
_aThailand _bTechnoBiz Communications _c2018 |
||
| 300 | _a95p. | ||
| 650 |
_aThermoplastic elastomers _aMedical TPE |
||
| 942 | _cBK | ||
| 999 |
_c74773 _d74773 |
||